| 000 | 01034cam a2200313 i 4500 | ||
|---|---|---|---|
| 001 | 3733530 | ||
| 003 | EG-ScBUE | ||
| 005 | 20260119100150.0 | ||
| 008 | 810910t1982 caua f b 001 0 eng d | ||
| 020 | _a0716713489 | ||
| 040 |
_aDLC _beng _erda _cDLC _dDLC _dEG-ScBUE |
||
| 082 | 0 | 4 |
_a551.5 _222 _bNEI |
| 100 | 1 |
_aNeiburger, Morris, _eauthor. _95056 |
|
| 245 | 1 | 0 |
_aUnderstanding our atmospheric environment / _cMorris Neiburger, James G. Edinger, William D. Bonner. |
| 250 | _aSecond edition. | ||
| 264 | 1 |
_aSan Francisco : _bW.H. Freeman, _c[1982] |
|
| 264 | 4 | _cc1982 | |
| 300 |
_aix, 453 pages : _billustrations ; _c24 cm |
||
| 336 |
_2rdacontent _atext _btxt |
||
| 337 |
_aunmediated _2rdamedia _bn |
||
| 338 |
_avolume _bnc _2rdacarrier |
||
| 504 | _aIncludes bibliographical references and index. | ||
| 650 | 7 |
_aMeteorology. _2BUEsh _95057 |
|
| 650 | 7 |
_aWeather. _2BUEsh _95058 |
|
| 655 | _vReading book | ||
| 700 | 1 |
_aEdinger, James G., _eauthor. _95059 |
|
| 700 | 1 |
_aBonner, William D., _eauthor. _95060 |
|
| 942 |
_2ddc _cBB |
||
| 999 |
_c11600 _d11600 |
||